000
00318nam a22001337a 4500
008
170905b xxu||||| |||| 00| 0 eng d
020
_a
9780495911340
041
_a
eng
080
_a
070
100
_a
40
101
_a
MED
245
_a
THE CHALLENGE OF EFFECTIVE SPEAKING
_c
VERDERBER.R.F
942
_2
udc
_c
BK
999
_c
26095
_d
26095